Дополнительный том: 1 (1/д): Аа - Вяхирь; Энциклопедический словарь

Bibliographic Details
Parent link:Энциклопедический словарь/ издатели Ф. А. Брокгауз, И. А. Ефрон; под ред. проф. И. Е. Андреевского. Т. 1 (1/д) : Дополнительный том : Аа - Вяхирь.— , 1890-
Summary:Текст в русской дореформенной орфографии
Language:Russian
Published: 1905
Subjects:
Format: Book
KOHA link:https://koha.lib.tpu.ru/cgi-bin/koha/opac-detail.pl?biblionumber=93634

MARC

LEADER 00000nam2a2200000 4500
001 93634
005 20231031105259.0
035 |a (RuTPU)RU\TPU\book\100246 
090 |a 93634 
100 |a 20060330d1905 km y0rusy50 ca 
101 0 |a rus 
102 |a RU 
105 |a abcez 000zy 
200 0 |a Дополнительный том: 1 (1/д): Аа - Вяхирь 
210 |d 1905 
215 |a 478 с.  |c ил. 
300 |a Текст в русской дореформенной орфографии 
461 1 |0 (RuTPU)RU\TPU\book\100241  |t Энциклопедический словарь  |f издатели Ф. А. Брокгауз, И. А. Ефрон; под ред. проф. И. Е. Андреевского  |v Т. 1 (1/д) : Дополнительный том : Аа - Вяхирь  |d 1890-  
516 1 |a Т. 1/д : Аа до Вяхирь 
610 1 |a словари 
610 1 |a энциклопедии 
686 |a Я  |v LBC/SL-A  |2 rubbk 
801 1 |a RU  |b 63413507  |c 20060330  |g PSBO 
801 2 |a RU  |b 63413507  |c 20221118  |g PSBO 
942 |c BK